Chansons françaises des années 2000 par paroles A-Z - Statistiques

Statistiques générales
  • Ce quiz a été pris 247 fois
  • Le résultat moyen est 13 sur 23
Statistiques - réponses
Paroles Chansons % Correct
F Donne-moi ton cœur baby Ton corps baby hey Donne-moi ton bon vieux funk Ton rock baby Ta soul baby hey Femme like U
85%
A Je subis cette cacophonie Qui me scie la tête Assommante harmonie Elle me dit Tu paieras tes délits Quoi qu’il advienne On traîne ses chaînes Ses peines L'{assasymphonie}
83%
M C'est pas ma faute Et quand je donne ma langue au chat Je vois les autres Tout prêts à se jeter sur moi C'est pas ma faute à moi Moi Lolita
81%
L Mais moi je suis un homme Qui aime bien ce genre de jeu Veux bien qu'elle me nomme Alphonse ou Fred c'est comme elle veut C'est comme elle veut La {lettre}
80%
I ________
M'a rendue accro
Je voyais déjà
L'avenir dans ses bras
________
Il avait les mots
79%
D J'ai longtemps parcouru son corps effleuré cent fois son visage J'ai trouvé de l'or et même quelques étoiles en essuyant ses larmes Et j'ai appris par cœur la pureté de ses formes Parfois je les dessine encore elle fait partie de moi Dernière danse
74%
R Nous on fait l'amour on vit la vie Jour après jour nuit après nuit À quoi ça sert d'être sur la terre Si c'est pour faire nos vies à genoux On sait qu'le temps c'est comme le vent De vivre y a qu'ça d'important On s'fout pas mal de la morale On sait bien qu'on fait pas d'mal Les {rois du monde}
72%
T Allez venez et entrez dans la danse Allez venez laissez faire l'insouciance À deux à mille je sais qu'on est capables Tout est possible, tout est réalisable On peut s'enfuir bien plus haut que nos rêves On peut partir bien plus loin que la grève Toi + moi
71%
J J'ai fait le monde à ma façon
Coulé dans l'or et le béton
Corps en cage cœur en prison
Moi je tourne en rond
Je tourne en rond
Je suis un homme
63%
W Du lundi au vendredi On n’attend qu’une chose C’est compter les jours Tous à tour de rôle 3-2-1 Ça y est c’est le ________ Week-end
62%
S Tant de fois j'ai grimpé Jusqu'au plus haut des cimes Que je m'suis retrouvé ________ au fond de l'abîme ________ au fond de l'abîme Celui qui n'a jamais été ________ Au moins une fois dans sa vie Seul
61%
O D'un chef de file j'en ai pas l'profil
Mais sur l'oreiller j'aime pas qu'on me questionne
Je suis pas James Bond entouré de belles blondes non non non
J'envie même pas les hommes qui papillonnent
Pourtant pas contre l'amour j'attends plutôt mon tour
On s'attache
58%
H Est-ce que tu m’entends ________
Est-ce que tu me sens ________
Touche-moi je suis là ________ oh oh
Ho-ho ho-ho oh
Hey oh
56%
V Gamins oubliés égarés Donne-leur la main Pour les mener Vers d'autres lendemains Sens au cœur de la nuit L'onde d'espoir Ardeur de la vie Sentier de gloire Vois sur ton chemin
54%
P On perd trop de temps à suer et s'écorcher les mains À quoi ça sert si on n'est pas sûrs de voir demain à rien Alors on vit chaque jour comme le dernier pa la pa pa Et vous feriez pareil si seulement vous saviez pa la pa pa Combien de fois la fin du monde nous a frôlés oh oh Parce qu'on vient de loin
50%
E C'est tellement rien D'y croire Mais tellement tout Pourtant Qu'il vaut la peine De le vouloir De le chercher Tout le temps L'{envie d'aimer}
45%
B J’ai des ________, des papillons en pagaille Ton visage se dessine dans le moindre détail Un peu sonnée par cette foutue bataille Je m’accroche à tes mots dans le moindre détail Butterfly
39%
N Laisse aller ton chagrin C'est une page qui se tourne Et tu n'y peux rien ________ Pleurer ça fait du bien Et si tu as de la peine Souviens-toi que je t'aime Je n'serai jamais loin Ne retiens pas tes larmes
30%
G Je garde les pieds sur terre Je garde la tête froide Je garde un revolver Jusque dans ma baignoire Je garde un œil ouvert Quand je suis dans mon lit Plus une veste militaire Sous mon pyjama gris Gardien de nuit
29%
C Je ne t'ai pas vu partir Ton manteau est resté dans l'entrée Depuis que je t'ai vu sourire En me rendant les clés Et après m'avoir dit en face Mes quatre ou cinq vérités Cassé
25%
Q ________
Inspire l'autre
Oui je joue
D'un sixième membre
À la forme de tes hanches
Ventre à ventre
Élégante compagne
Qui de nous deux
21%
U Marcher dans le sable Se sentir coupable Dans les herbes hautes C'est sûr tout est de ma faute Savoir dire tant pis Avoir juste envie Rester dans son lit Tout ça m'est interdit Une seule vie
21%
Y On ne retient pas l'écume
Dans le creux de sa main
On sait la vie se consume
Et il n'en reste rien
D'une bougie qui s'allume
Tu peux encore décider du chemin
De ton chemin
Yalla
15%
Aucun quiz correspondant
Distribution des résultats
% des personnes avec chaque résultat
Percentile par nombre de réponses
Votre historique - résultats
Vous n’avez pas pris ce quiz